1950s & 60s TV Sitcoms by Picture - Statistics

General Stats
  • This quiz has been taken 264 times
  • The average score is 30 of 63
Answer Stats
Picture Hint Answer % Correct
1966-1968 Batman
92%
1962-1971 Beverly Hillbillies
87%
1964-1966 Addams Family
84%
1964-1967 Gilligan's Island
84%
1965-1970 I Dream of Jeannie
84%
1966-1968 The Monkees
84%
1964-1972 Bewitched
83%
1964-1966 The Munsters
83%
1965-1971 Green Acres
81%
1960-1968 The Andy Griffith Show
81%
1964-1967 Flipper
80%
1961-1966 Mr. Ed
78%
1955-1956 The Honeymooners
75%
1964-1969 Gomer Pyle, U.S.M.C.
74%
1967-1970 The Flying Nun
73%
1965-1971 Hogan's Heroes
72%
1957-1963 Leave it to Beaver
72%
1960-1972 My Three Sons
71%
1961-1966 The Dick Van Dyke Show
69%
CBS 1963-1970 Petticoat Junction
67%
1954-1960 Father Knows Best
66%
1962-1968 The Lucy Show
64%
1962-1966 McHale's Navy
58%
1963-1966 My Favorite Martian
58%
1961-1963 Car 54 Where Are You
57%
1965-1970 Get Smart
57%
1958-1966 The Donna Reed Show
57%
1966-1971 That Girl
56%
1961-1966 Hazel
55%
1952-1966 The Adventures of Ozzie and Harriet
55%
1953-1964 Danny Thomas Show - Make Room For Daddy
53%
1963-1966 The Patty Duke Show
52%
1959-1963 Dennis The Menace
50%
1965-1967 F Troop
49%
1966-1971 Family Affair
46%
1959-1963 The Many Loves Of Dobie Gillis
46%
1952-1954 The Abbott and Costello Show
44%
1968-1973 The Doris Day Show
44%
1965-1966 Gidget
43%
1950-1958 The George Burns and Gracie Allen Show
43%
1955-1959 Phil Silvers Show - You'll Never Get Rich
42%
1968-1971 Mayberry R.F.D.
35%
1957-1963 The Real McCoys
31%
1968-1974 Here's Lucy
22%
1950-1965 The Jack Benny Program
22%
1955-1959 The Bob Cummings Show
21%
1952-1956 Our Miss Brooks
19%
1952-1955 My Little Margie
18%
1957-1962 Bachelor Father
17%
1961-1964 The Joey Bishop Show
17%
1952-1955 I Married Joan
16%
1958-1961 The Ann Sothern Show
13%
1967-1969 The Mothers In-Law
11%
1953-1958 Life of Riley
9%
1952-1955 Mr. Peepers
9%
1968-1970 Here Comes The Brides
8%
1965-1967 Please Don't Eat The Daisies
8%
1965-1966 Tammy
8%
1953-1957 Private Secretary - Susie
7%
1966-1967 It's About Time
6%
1963-1965 The Bill Dana Show
5%
1954-1959 December Bride
4%
1967-1968 Good Morning World
4%
No matching quizzes found
Score Distribution
Percent of People with Each Score
Percentile by Number Answered
Your Score History
You have not taken this quiz